تعلم النحو والصرف = Learn Arabic Grammar (Record no. 170291)

MARC details
000 -LEADER
fixed length control field 01467nam a22003377a 4500
003 - CONTROL NUMBER IDENTIFIER
control field OSt
005 - DATE AND TIME OF LATEST TRANSACTION
control field 20190203114555.0
008 - FIXED-LENGTH DATA ELEMENTS--GENERAL INFORMATION
fixed length control field 181122s2014 le |||g |||| 00| 0 ara d
020 ## - INTERNATIONAL STANDARD BOOK NUMBER
International Standard Book Number 9786144086971
Terms of availability RM32.00
Qualifying information Hardback
040 ## - CATALOGING SOURCE
Original cataloging agency PPAK
Language of cataloging eng
Transcribing agency PPAK
Description conventions rda
041 ## - LANGUAGE CODE
Language code of original ara
082 ## - DEWEY DECIMAL CLASSIFICATION NUMBER
Classification number 492.75
Edition number 23
090 ## - LOCALLY ASSIGNED LC-TYPE CALL NUMBER (OCLC); LOCAL CALL NUMBER (RLIN)
Classification number (OCLC) (R) ; Classification number, CALL (RLIN) (NR) 492.75
Feature heading TAA
Feature heading R
245 ## - TITLE STATEMENT
Title تعلم النحو والصرف = Learn Arabic Grammar
246 ## - VARYING FORM OF TITLE
Title proper/short title Ta'allum al-nahw wa-al-sarf
Title proper/short title Ta'allum al-nahu wa-al-sorof
300 ## - PHYSICAL DESCRIPTION
Extent 168 pages :
Dimensions 21 cm +
Accompanying material 1 audio disc (CD MP3) : digital, stereo ; 12 cm.
336 ## - CONTENT TYPE
Source rdacontent
Content type term text
337 ## - MEDIA TYPE
Source rdamedia
Media type term unmediated
338 ## - CARRIER TYPE
Source rdacarrier
Carrier type term volume
490 1# - SERIES STATEMENT
Series statement سلسله تعلم اللغة العربية = Arabic Language Learning Series
500 ## - GENERAL NOTE
Materials specified Book is accompanied one audio dics (CD MP3) electronic (MP3) and available at Multimedia Unit.
520 ## - SUMMARY, ETC.
Summary, etc. • This series provides a real reference for students to learn Arabic.<br/>• Helping students be fully acknowledged about Arabic language.<br/>• Simplify language grammars and rules for students in a contemporary style.
521 3# - TARGET AUDIENCE NOTE
Target audience note Suitable for general user or beginner in Arabic Language
546 ## - LANGUAGE NOTE
Language note In Arabic Language.
650 ## - SUBJECT ADDED ENTRY--TOPICAL TERM
Topical term or geographic name entry element Arabic language Grammar.
Topical term or geographic name entry element Arabic language Morphology.
Topical term or geographic name entry element Arabic language Syntax.
830 #0 - SERIES ADDED ENTRY--UNIFORM TITLE
Uniform title سلسله تعلم اللغة العربية = Arabic language learning series
942 ## - ADDED ENTRY ELEMENTS (KOHA)
Source of classification or shelving scheme Dewey Decimal Classification
Koha item type Book
Holdings
Withdrawn Not for loan Current library Shelving location Date acquired Full call number Barcode Date last seen Koha item type
  Not For Loan e-Pustaka 2 - Alor Setar Bilik Multimedia 06/12/2018 R 492.75 TAA A01586275 06/12/2018 Book